Регионална библиотека "Любен Каравелов" - Русе

Чудесата на света (Запис номер 73999)

MARC детайли
000 -Лидер
Контролно поле с фиксирана дължина 01910nam a2200445 a 4500
003 - Код на организацията, давaща контролен номер
Контролно поле BLK
005 - Дата и час на последна редакция
Контролно поле 20241213095107.0
008 - Елементи от данни с фиксирана дължина
fixed length control field 180408b bul|||||r ||||||| ||bul||
010 ## - Наследен системен номер
LC control number KNG00078395000
020 ## - Международен стандартен номер на книга ISBN
Международен стандартен номер на книга ISBN 978-954-308-174-5
040 ## - Източник на каталожния запис
Идентификатор на билиотеката - собственик на записа BLK
041 ## - Код за език
Код за езика на текст/звукозапис или на отделно заглавие Български
Код за езика КДБФ Български
080 ## - УДК
Текстов определител УДК Паметници на културата на историческите периоди. Археологическите паметници. Старини
УДК код - определител по УДК 904
УДК определител (100)
УДК - код + определител 904(100)
080 ## - УДК
Текстов определител УДК Архитектура
УДК код - определител по УДК 72
УДК определител (100)
УДК - код + определител 72(100)
100 1# - Редна дума - Автор
Автор Steele, Philip
Авторска отговорност първи автор
R(LIN) 284434
139 ## - Редно поле
Редна дума Стийл, Филип
Авторски знак Сти - С 76
245 10 - Сведения за заглавието
Заглавие Чудесата на света
Редно поле (дума) * Филип Стийл; Philip Steele; прев. Михаела Михайлова.
257 ## - Страна на издаване
Страна на създаване/издаване Великобритания
260 ## - Област на издателските данни
Име на издателя, разпространителя и проч. Прес
Година на издаване 2007
Място на издаване, разпространение и проч. София
300 ## - Физическа характеристика
Страници 64 с.
Илюстрации и др. с цв. ил.
Размери/Мащаб 29 см
380 ## - Жанр
Жанр Детска отраслова лит.
490 ## - СЕРИИ (Колекции)
Име на серия Библиотека Знание
№: серия 18
9 (RLIN) 202259
490 ## - СЕРИИ (Колекции)
Име на серия Kingfisher
9 (RLIN) 203602
500 ## - Общи забележки
Забележка Ориг. загл. Wonders of the World / Philip Steele. - Авт. отбелязан на гърба на загл. с. - Офс. изд. - Съдържа и Речник. - Азб. показалец.
650 #4 - Допълнително описание по предмет – тема
Основно описание – тема или топоним Паметници на културата
9 (RLIN) 263565
650 #4 - Допълнително описание по предмет – тема
Основно описание – тема или топоним Архитектурни паметници
9 (RLIN) 272079
653 ## - Ключова дума – ненормативна
Ключова дума архитектура
653 ## - Ключова дума – ненормативна
Ключова дума паметници на културата
653 ## - Ключова дума – ненормативна
Ключова дума литература за деца
653 ## - Ключова дума – ненормативна
Ключова дума детска литература
700 1# - Други автори (авторска отговорност)
Лично име Стийл, Филип
Автороска отговорност (Описва отношението между автора и произведението) *
9 (RLIN) 368748
700 1# - Други автори (авторска отговорност)
Лично име Михайлова, Михаела
Автороска отговорност (Описва отношението между автора и произведението) прев.
9 (RLIN) 367017
852 ## - Местоположение
Форматна сигнатура Цб ІІ 14180
Фондова буква Хранилище
856 4# - Електронен адрес и достъп
Електронен формат pdf - файл
856 4# - Електронен адрес и достъп
Електронен формат pdf - файл
999 ## - СИСТЕМНИ КОНТРОЛНИ НОМЕРА
Koha biblionumber 73999
Koha biblioitemnumber 73999
942 ## - АРТИКУЛИ
Вид на библиотечния материал Книги
Скрит в OPAC Не
Koha issues (borrowed), all copies 7
Периодичен библиозапис Да
944 ## - СЪЗДАВАНЕ И РЕДАКЦИЯ на ЗАПИСА
Създаване/Редакция Създаване
Дата на регистрацията/редакция 18.10.2007
Статус, дата на статуса Цветелина Шанова
Служител, извършил регистрацията/редакцията 30531
944 ## - СЪЗДАВАНЕ И РЕДАКЦИЯ на ЗАПИСА
Създаване/Редакция Редакция
Дата на регистрацията/редакция 23.01.2014
Статус, дата на статуса ф /
999 ## - СИСТЕМНИ КОНТРОЛНИ НОМЕРА
Koha biblioitemnumber 73999
Наличности
Код за отписване Код за изгубен артикул Източник на класификационната схема Код за повреда Коз за рестрикции Код за отдаване Артикулен № Име на библиотеката - собственик Име на библиотеката, в която се намира в момента Статус (Текущо местоположение) Дата на вписване в системата Местоположение - отдел Цена в лева Инвентарен номер Систематично азбучна сигнатура Баркод Номер на екземпляра Цена в евро Служебна бележка Служебен тип на артикула
  Не е изгубен Universal Decimal Classification Не е повреден само за читалня ползва се в читалня 120398 Регионална библиотека "Любен Каравелов" Русе Регионална библиотека "Любен Каравелов" Русе Хранилище 2007-10-18 Хранилище 0.00 120000718536 Цб ІІ 14180 120000718536 1 0.00 Дост: Dp Вид: Д N: 22 Дата: 09.05.2007 Книги
  Не е изгубен   Не е повреден без рестрикции заемане за дома 120399 Регионална библиотека "Любен Каравелов" Русе Регионална библиотека "Любен Каравелов" Русе Детски отдел 2008-04-22 Детски отдел 6.00 120000725944 ДН 9/С 76 120000725944 2 3.07 Дост: DA Вид: А N: 7 Дата: 22.04.2008 Дата инв: 24.08.2015 Бележки инв: Д2015 Книги
  Не е изгубен   Не е повреден без рестрикции заемане за дома 120400 Регионална библиотека "Любен Каравелов" Русе Регионална библиотека "Любен Каравелов" Русе Детски отдел 2012-11-17 Детски отдел 6.00 120000761042 ДН 9/С 76 120000761042 3 3.07 Дост: DA Вид: А N: 23 Дата: 17.11.2012 Дата инв: 21.08.2015 Бележки инв: Д2015 Книги
  Не е изгубен   Не е повреден без рестрикции заемане за дома 120401 Регионална библиотека "Любен Каравелов" Русе Регионална библиотека "Любен Каравелов" Русе Детски отдел 2014-01-07 Детски отдел 6.00 120000773115 ДН 9/С 76 120000773115 4 3.07 Дост: DA Вид: А N: 1 Дата: 07.01.2014 Дата инв: 24.08.2015 Бележки инв: Д2015 Книги
  Не е изгубен Universal Decimal Classification Не е повреден без рестрикции заемане за дома 730056 Регионална библиотека "Любен Каравелов" Русе Регионална библиотека "Любен Каравелов" Русе Детски отдел 2019-07-11 Детски отдел 7.50   ДН 9/С 76 120000833299   3.83   Книги
  Не е изгубен Universal Decimal Classification Не е повреден без рестрикции заемане за дома 837420 Регионална библиотека "Любен Каравелов" Русе Регионална библиотека "Любен Каравелов" Русе Детски отдел 2021-06-17 Детски отдел 5.00   9/С 76 120000856622   2.56   Книги
Vip Innovations Ltd, Rousse, Bulgaria 2025